| 000 | 00738nam a2200169 a 4500 | ||
|---|---|---|---|
| 008 | 220223s2016 ||||||||||||||||| || u | ||
| 050 | _aCBU-PG THESISW/NDI | ||
| 100 | _aNdimbwa, Mercy | ||
| 245 | 1 | 0 |
_aDetermining factors affecting career choice decision amongst students: a case of Copperbelt University _cBy Mercy Ndimbwa |
| 260 |
_aKitwe _bCopperbelt University _c2016 |
||
| 300 | _axi, 62 pages : illustrations | ||
| 650 | _aCAREER CHOICE--CASE STUDY | ||
| 650 | _aHUMAN RESOURCE MANAGEMENT--ZAMBIA | ||
| 650 | _aCAREER CHOICE | ||
| 650 | _aSTUDENTS -- COPPERBELT UNIVERSITY | ||
| 995 |
_FCBU-MAIN LIBRARY (Kitwe) _UAVAILABLE _WApr 12, 2022 _ZMain Library Open Access Collection |
||
| 999 |
_c39865 _d39865 |
||